LEADER 01403nam a2200301 4500 001 000000347569 003 CaOOAMICUS 005 20210902075856.0 008 210901s2021 it 000 u ita r 020 $a978-88-10-55985-7 040 $aSeMil$bita 245 03$aUn sogno da vivere insieme :$bdall'indifferenza alla fraternità /$ca cura di Paolo Beccegato, Renato Marinaro ; introduzione di Francesco Soddu ; postfazione di Stefano Russo. 264 1$aBologna :$bEDB,$c2021. 300 $a141 p. ;$c19 cm 490 1 $aLapislazzuli. Vivavoce 650 4$aFraternità - Concezione cristiana.$0(OLS)http://semarc/subject/9204 700 1 $aBeccegato, Paolo.$0(OLS)http://semarc/name/48944 700 1 $aMarinaro, Renato.$0(OLS)http://semarc/name/44643 700 1 $aSoddu, Francesco.$0(OLS)http://semarc/name/114546 700 1 $aRusso, Stefano,$c.$0(OLS)http://semarc/name/114547 830 0$aLapislazzuli. Vivavoce.$0(OLS)http://semarc/title/436881 850 $aSeMil 852 $aSeMil$W1$xVenegono$y1$m3F I 881$j228321$B238641$CSeMilBibl$Z2$F238641 $81 941 1 $a7 996 $6020$a978-88-10-55985-7$9(OLS)http://semarc/number/293980 996 $6245$aUn sogno da vivere insieme :$bdall'indifferenza alla fraternità$9(OLS)http://semarc/title/436868 996 $6264$aBologna :$bEDB$9(OLS)http://semarc/publisher/29669 LEADER 01159nam a2200277 i 4500 001 000000040737 003 CaOOAMICUS 005 20110506000000.0 008 110506s1994 xx u000 u fre u 013 $a11907 020 $a2-503-50311-X 040 $aSeMil$bita 100 1 $aBerlioz, Jacques,$d<1953- >.$0(OLS)http://semarc/name/173 245 10$aIdentifier sources et citations /$cJacques Berlioz ; avec la collaboration de Joseph Avril ... [et al.]. 260 $a[Belgique] :$bBrepols,$c1994. 300 $a336 p. ;$c24 cm. 490 0 $aL'atelier du médiéviste ;$v1 650 4$aStoria medievale - Fonti.$0(OLS)http://semarc/subject/6624 700 1 $aAvril, Joseph.$0(OLS)http://semarc/name/19957 830 2$aL'atelier du médiéviste ;$v1.$0(OLS)http://semarc/title/265 850 $aSeMil 852 $aSeMil$W1$xVenegono$y1$m3WA IV 11$j6892$B6892$CSeMilBibl$Z2$F6892 $81 961 $aAcquisto: Casa editrice 996 $6020$a2-503-50311-X$9(OLS)http://semarc/number/11114 996 $6245$aIdentifier sources et citations$9(OLS)http://semarc/title/58657 996 $6260$a[Belgique] :$bBrepols$9(OLS)http://semarc/publisher/40148 LEADER 00418nab a2200133 i 4500 001 000000287582 003 CaOOAMICUS 005 20180831165353.0 008 180831n xx uu u0 0und r 013 $a41398 040 $aSeMil$bita 245 10$a[vedi periodico]. 773 0 $aBarrientos Rastrojo, José$tSímbolos desfallecidos.$dMéxico D.F. : [s.n.], 2015$w()242068 996 $6245$a[vedi periodico]$9(OLS)http://semarc/title/309439 LEADER 00459nab a2200145 i 4500 001 000000314127 003 CaOOAMICUS 005 20180831173125.0 008 180831n xx uu u0 0und r 013 $a23214 040 $aSeMil$bita 100 1 $aGuzzetti, Giovanni Battista,$c.$0(OLS)http://semarc/name/249 245 10$aManuali di etica. 773 0 $t[Gennaio-Dicembre].$g77-81$w()274257 996 $6245$aManuali di etica$9(OLS)http://semarc/title/388335 LEADER 00821naa a2200181 i 4500 001 000000318962 003 CaOOAMICUS 005 20210622103504.0 008 180831n it u000 u ita u 013 $a28577 040 $aSeMil$bita 100 1 $aColombo, Alessandro,$d<1966- >.$0(OLS)http://semarc/name/114171 245 10$aFar bene e fare il bene. Note dalla storia per un profilo del modello lombardo. 650 4$aWelfare - Lombardia.$0(OLS)http://semarc/subject/39019 650 4$aAssistenza sociale - Italia - Lombardia.$0(OLS)http://semarc/subject/44047 773 0 $tFar bene e fare il bene.$dMilano : Guerini e Associati, 2010.$z778-88-6250-261-0$gp.15-28$w()207864 996 $6245$aFar bene e fare il bene. Note dalla storia per un profilo del modello lombardo$9(OLS)http://semarc/title/392765